American Dad! Episodes - Statistics

General Stats
  • This quiz has been taken 89 times
    2 since last reset
  • The average score is 77 of 403
Answer Stats
Season Episode no. Answer % Correct
1 7 Deacon Stan, Jesus Man
100%
10 13 Holy Shit, Jeff's Back!
100%
13 16 Persona Assistant
100%
1 1 Pilot
100%
20 3 Powering Through
100%
1 12 Stan of Arabia: Part 1
100%
1 13 Stan of Arabia: Part 2
100%
1 2 Threat Levels
100%
6 1 100 A.D.
50%
15 23 300
50%
20 12 400?!
50%
9 22 A Boy Named Michael
50%
8 6 Adventures in Hayleysitting
50%
1 10 All About Steve
50%
10 14 American Fung
50%
8 4 American Stepdad
50%
2 14 An Apocalypse to Remember
50%
1 9 A Smith in the Hand
50%
2 12 A.T.: The Abusive Terrestrial
50%
20 1 Aw Rats, a Pool Party
50%
17 7 Beyond the Alcove Or: How I Learned to Stop Worrying and Love Klaus
50%
3 4 Big Trouble in Little Langley
50%
2 13 Black Mystery Month
50%
10 1 Blonde Ambition
50%
8 10 Blood Crieth Unto Heaven
50%
5 4 Brains, Brains, and Automobiles
50%
9 3 Buck, Wild
50%
1 8 Bullocks to Stan
50%
2 10 Bush Comes to Dinner
50%
20 4 Camera Stan
50%
2 1 Camp Refoogee
50%
9 11 Cock of the Sleepwalk
50%
1 11 Con Heir
50%
5 14 Cops & Roger
50%
9 4 Crotchwalkers
50%
8 19 Da Flippity Flop
50%
3 3 Dope and Faith
50%
20 8 Dude, You're Getting a Del!
50%
20 10 Dumbston Checks In
50%
2 5 Dungeons and Wagons
50%
2 3 Failure Is Not a Factory-Installed Option
50%
9 7 Faking Bad
50%
9 10 Familyland
50%
12 17 Family Plan
50%
1 18 Finances With Wolves
50%
15 16 First, Do No Farm
50%
13 21 Fleabiscuit
50%
18 18 Footprints
50%
2 15 Four Little Words
50%
1 4 Francine's Flashback
50%
3 9 Franny 911
50%
18 10 Frantastic Voyage
50%
13 20 Funnyish Games
50%
15 14 Ghost Dad
50%
19 21 Guardian
50%
3 5 Haylias
50%
1 21 Helping Handis
50%
5 3 Home Adrone
50%
1 6 Homeland Insecurity
50%
6 17 Home Wrecker
50%
9 15 Honey, I'm Homeland
50%
16 11 Hot Scoomp
50%
7 2 Hurricane!
50%
9 13 I Ain't No Holodeck Boy
50%
2 17 I Can't Stan You
50%
2 6 Iced, Iced Babies
50%
20 5 Idol Threat
50%
5 1 In Country...Club
50%
9 6 Independent Movie
50%
9 12 Introducing the Naughty Stewardesses
50%
2 8 Irregarding Steve
50%
1 19 It's Good to Be the Queen
50%
14 5 Jeff and the Dank Ass Weed Factory
50%
2 19 Joint Custody
50%
8 2 Killer Vacation
50%
13 7 Klaustastrophe.tv
50%
12 19 Kloger
50%
9 5 Kung Pao Turkey
50%
7 15 Less Money, Mo' Problems
50%
2 4 Lincoln Lover
50%
8 18 Lost in Space
50%
8 1 Love, American Dad Style
50%
5 5 Man in the Moonbounce
50%
3 2 Meter Made
50%
9 8 Minstrel Krampus
50%
5 2 Moon Over Isla Island
50%
1 16 Not Particularly Desperate Housewives
50%
3 11 Oedipal Panties
50%
3 14 Office Spaceman
50%
2 7 Of Ice and Men
50%
7 11 Old Stan in the Mountain
50%
13 2 Paranoid Frandroid
50%
9 18 Permanent Record Wrecker
50%
4 7 Phantom of the Telethon
50%
9 2 Poltergasm
50%
20 7 Reaper Madness
50%
7 17 Ricky Spanish
50%
1 5 Roger Codger
50%
1 20 Roger 'n' Me
50%
9 21 Roger Passes the Bar
50%
1 17 Rough Trade
50%
9 17 Rubberneckers
50%
9 16 She Swill Survive
50%
3 16 Spring Break-Up
50%
18 8 Stan Fixes a Shingle
50%
20 14 Stan Gets Sucked In
50%
9 14 Stan Goes On the Pill
50%
1 3 Stan Knows Best
50%
1 14 Stannie Get Your Gun
50%
3 15 Stanny Slickers II:The Legend of Ollie's Gold
50%
6 4 Stan's Food Restaurant
50%
1 15 Star Trek
50%
9 1 Steve and Snot's Test-Tubular Adventure
50%
3 7 Surro-Gate
50%
3 10 Tearjerker
50%
1 23 Tears of a Clooney
50%
3 6 The 42-Year-Old Virgin
50%
2 2 The American Dad After School Special
50%
2 11 The American Dream Factory
50%
2 9 The Best Christmas Story Never Told
50%
11 7 The Devil Wears a Lapel Pin
50%
12 3 The Enlightenment of Ragi-Baba
50%
20 2 The Flume Flume Room
50%
19 1 The Grocery Store Bank
50%
7 16 The Kidney Stays in the Picture
50%
12 18 The Long Bomb
50%
9 20 The Longest Distance Relationship
50%
2 18 The Magnificent Steven
50%
3 8 The Most Adequate Christmas Ever
50%
19 16 The Mystery of the Missing Bazooka Shark Babe
50%
6 6 There Will Be Bad Blood
50%
20 6 The Treasure of Old Chinatown
50%
11 10 The Two Hundred
50%
11 11 The Unincludeds
50%
3 1 The Vacation Goo
50%
19 6 The Violence of the Clams
50%
12 9 The Witches of Langley
50%
13 19 Top of the Steve
50%
9 9 Vision: Impossible
50%
7 10 Wheels & the Legman and the Case of Grandpa's Key
50%
2 16 When a Stan Loves a Woman
50%
20 9 Where the Wild Boars Are
50%
8 5 Why Can't We Be Friends?
50%
1 22 With Friends Like Steve's
50%
15 24 Yule. Tide. Repeat
50%
18 15 Z.O.I.N.C.S.
50%
15 1 100 Years a Solid Fool
0%
20 11 A Donkey's Shame
0%
5 11 A Jones for a Smith
0%
17 14 A League of His Own
0%
18 21 A Little Extra Scratch
0%
18 11 A Little Mystery
0%
15 12 American Data?
0%
17 6 American Graffito
0%
19 7 An Adult Woman
0%
11 9 Anchorfran
0%
18 16 A New Era for the Smith House
0%
12 10 A Nice Night for a Drive
0%
5 17 An Incident at owl Creek
0%
14 11 An Irish Goodbye
0%
6 11 A Piñata Named Desire
0%
17 4 A Roger Story
0%
17 8 A Song of Knives and Fire
0%
15 4 A Starboy Is Born
0%
10 10 A Star Is Reborn
0%
7 3 A Ward Show
0%
12 8 A Whole Slotta Love
0%
12 5 Bahama Mama
0%
4 14 Bar Mitzvah Hustle
0%
12 12 Bazooka Steve
0%
18 6 Better on Paper
0%
18 17 Between a Ring and a Hardass
0%
10 4 Big Stan On Campus
0%
9 23 Blagsnarst: A Love Story
0%
15 6 Brave N00b World
0%
19 2 Brown Lotus
0%
5 16 Bully for Steve!
0%
15 19 Businessly Brunette
0%
12 13 Camp Campawanda
0%
8 3 Can I Be Frank (With You)
0%
12 11 Casino Normale
0%
15 3 Cheek to Cheek: A Stripper's Story
0%
4 8 Chimdale
0%
4 4 Choosy Wives Choose Smith
0%
10 2 CIAPOW
0%
16 15 Comb Over: A Hair Piece
0%
18 7 Cow I Met Your Moo-ther
0%
11 17 Criss-Cross Applesauce: The Ballad of Billy Jesusworth
0%
16 20 Cry Baby
0%
16 21 Crystal Clear
0%
4 19 Daddy Queerest
0%
11 15 Daesong Heavy Industries
0%
11 16 Daesong Heavy Industries II: Return to Innocence
0%
15 21 Dammmm, Stan!
0%
16 8 Dancin' A-With My Cells
0%
13 8 Death By Dinner Party
0%
14 15 Demolition Daddy
0%
5 10 Don't Look a Smith Horse in the Mouth
0%
18 12 Don't You Be My Neighbor
0%
15 2 Downtown
0%
10 6 Dreaming of a White Porsche Christmas
0%
17 2 Dressed Down
0%
7 13 Dr. Klaustus
0%
16 18 Dr. Sunderson's Sunsuckers
0%
17 21 Echoes
0%
14 19 Eight Fires
0%
14 17 Enter Stanman
0%
17 5 Epic Powder Dump
0%
4 5 Escape from Pearl Bailey
0%
4 17 Every Which Way but Lose
0%
15 9 Exquisite Corpses
0%
4 10 Family Affair
0%
16 19 Family Time
0%
14 1 Fantasy Baseball
0%
6 9 Fartbreak Hotel
0%
12 1 Father's Daze
0%
18 1 Fellow Traveler
0%
12 2 Fight and Flight
0%
8 8 Finger Lenting Good
0%
13 15 Flavortown
0%
6 18 Flirting with Disaster
0%
16 14 Flush After Reading
0%
8 13 For Black Eyes Only
0%
6 8 For Whom the Sleigh Bell Tolls
0%
15 11 Game Night
0%
12 20 Garbage Stan
0%
11 19 Garfield and Friends
0%
17 20 Gernot & Strudel
0%
19 15 Get Him to the Greek Life Style
0%
11 20 Gift Me Liberty
0%
17 10 Gold Top Nuts
0%
6 19 Gorillas in the Mist
0%
5 8 G-String Circus
0%
14 14 Hamerican Dad!
0%
11 3 Hayley Smith, Seal Team Six
0%
17 17 Hayley Was a Girl Scout?
0%
16 10 Henderson
0%
7 1 Hot Water
0%
14 2 I Am the Jeans: The Gina Lavetti Story
0%
6 13 I Am the Walrus
0%
19 10 Idiot Rich
0%
17 16 I Heard You Wanna Buy Some Speakers
0%
18 22 Into the Jingleverse
0%
15 7 Into the Woods
0%
19 3 I've Got A Friend In Me
0%
4 13 Jack's Back
0%
17 19 Jambalaya
0%
6 16 Jenny Fromdabloc
0%
12 14 Julia Rogerts
0%
19 11 Killer Mimosa
0%
11 6 Kiss Kiss, Cam Cam
0%
16 5 Klaus and Rogu In "Thank God For Loose Rocks": An American Dad! Adventure
0%
17 1 Langley Dollar Listings
0%
10 7 LGBsteve
0%
6 15 License to Till
0%
16 7 Little Bonnie Ramirez
0%
4 11 Live and Let Fry
0%
14 6 Lost Boys
0%
16 12 Lumberjerk
0%
10 11 Manhattan Magical Murder Mystery Tour
0%
8 11 Max Jets
0%
5 12 May the Best Stan Win
0%
13 13 Mean Francine
0%
15 15 Men II Boyz
0%
5 15 Merlot Down Dirty Shame
0%
11 18 Mine Struggle
0%
14 13 Mom Sauce
0%
10 8 Morning Mimosa
0%
18 14 Multiverse of American Dadness
0%
16 9 Mused and Abused
0%
10 9 My Affair Lady
0%
5 7 My Morning Straight Jacket
0%
13 11 My Purity Ball and Chain
0%
8 12 Naked to the Limit, One More Time
0%
19 9 Nasty Christmas
0%
8 7 National Treasure 4: Baby Franny: She's Doing Well: The Hole Story
0%
9 19 News Glance with Genevieve Vavance
0%
11 21 Next of Pin
0%
12 7 Ninety North, Zero West
0%
10 5 Now and Gwen
0%
14 18 No Weddings and a Funeral
0%
11 4 N.S.A. (No Snoops Allowed)
0%
19 18 Oh Brothel, Where Art Thou?
0%
15 8 One Fish, Two Fish
0%
4 3 One Little Word
0%
13 14 One-Woman Swole
0%
13 12 OreTron Trail
0%
19 8 Piece By Piece
0%
17 18 Please Please Jeff
0%
16 16 Plot Heavy
0%
19 17 Pork 'n Feelings
0%
12 4 Portrait of Francine's Genitals
0%
14 16 Pride Before the Fail
0%
18 13 Productive Panic
0%
4 6 Pulling Double Booty
0%
14 4 Rabbit Ears
0%
13 10 Railroaded
0%
5 9 Rapture's Delight
0%
3 13 Red October Sky
0%
5 13 Return of the Bling
0%
15 17 Roger Needs Dick
0%
12 6 Roger's Baby
0%
11 1 Roots
0%
4 12 Roy Rogers McFreely
0%
16 2 Russian Doll
0%
15 13 Salute Your Sllort
0%
13 1 Santa, Schmanta
0%
18 9 Saving Face
0%
10 3 Scents and Sensei-Bility
0%
6 14 School Lies
0%
7 7 Season's Beatings
0%
10 15 Seizures Suit Stanny
0%
16 4 Shakedown Steve
0%
5 6 Shallow Vows
0%
14 7 Shark?!
0%
13 4 Shell Game
0%
19 20 Silicon Steve
0%
4 1 Sixteen-Hundred Candles
0%
17 12 Smooshed: A Love Story
0%
6 2 Son of Stan
0%
8 14 Spelling Bee My Baby
0%
11 8 Stan-Dan Deliver
0%
11 22 Standard Deviation
0%
14 3 Stan & Francine & Connie & Ted
0%
16 13 Stan & Francine & Stan & Francine & Radika
0%
16 3 Stan Moves to Chicago
0%
6 10 Stanny-Boy and Frantastic
0%
7 9 Stanny Tendergrass
0%
7 14 Stan's Best Friend
0%
11 5 Stan Smith Is Keanu Reeves as Stanny Utah in Point Breakers
0%
4 20 Stan's Night Out
0%
4 9 Stan Time
0%
16 22 Steve's Franken Out
0%
18 19 Steve, Snot, and the Quest for the OG 4Loko
0%
14 12 Stompe Le Monde
0%
18 5 Stretched Thin
0%
20 13 Tales From the Outer Frontier
0%
15 5 Tapped Out
0%
8 9 The Adventures of Twill Ongenbone and His Boy Jabari
0%
6 3 The Best Little Horror House in Langley Falls
0%
12 16 The Bitchin' Race
0%
17 3 The Book of Fischer
0%
8 16 The Boring Identity
0%
13 3 The Census of the Lambs
0%
15 20 The Chilly Thrillies
0%
19 13 The Clearview Motel
0%
17 9 The Curious Case of the Old Hole
0%
4 16 The Delorean Story-An
0%
11 12 The Dentist's Wife
0%
17 13 The Fast and the Spurious
0%
8 17 The Full Cognitive Redaction of Avery Bullock By the Coward Stan Smith
0%
13 22 The Future is Borax
0%
19 14 The Girl Who Cried Space Jam
0%
20 15 The Golden Hand Garage
0%
5 18 The Great Space Roaster
0%
17 22 The Grounch
0%
14 9 The Hall Monitor and the Lunch Lady
0%
14 20 The Hand that Rocks the Rogu
0%
15 22 The Last Ride of the Dodge City Rambler
0%
19 12 The Legend of Mike Madonia, the Rototiller Man
0%
13 17 The Legend of Old Ulysses
0%
12 15 The Life and Times of Stan Smith
0%
11 2 The Life Aquatic with Steve Smith
0%
14 8 The Long March
0%
8 15 The Missing Kink
0%
13 5 The Mural of the Story
0%
13 9 The Never-Ending Stories
0%
11 14 The Nova Centauris-Burgh Board of Tourism Presents: American Dad
0%
15 18 The Old Country
0%
4 2 The One That Got Away
0%
6 7 The People vs. Martin Sugar
0%
18 20 The Pink Sphinx Holds Her Hearts on the Turn
0%
18 4 The Pleasanting at Smith House
0%
18 2 The Professor and the Coach
0%
7 6 The Scarlett Getter
0%
10 12 The Shrink
0%
19 19 The Sickness
0%
16 17 The Sinister Fate!!
0%
12 21 The Talented Mr. Dingleberry
0%
17 11 The Three Fs
0%
7 8 The Unbrave One
0%
4 18 The Weiner of Our Discontent
0%
16 6 The Wondercabinet
0%
7 4 The Worst Stan
0%
7 12 The Wrestler
0%
19 4 Touch the Sun: A Chimborazo Adventure
0%
7 18 Toy Whorey
0%
15 10 Trophy Wife, Trophy Life
0%
13 18 Twinanigans
0%
19 5 Under (and Over, and Beside) the Boardwalk
0%
18 3 Viced Principal
0%
7 5 Virtual In-Stanity
0%
12 22 West to Mexico
0%
19 22 What Great Advancements!
0%
6 5 White Rice
0%
16 1 Who Smarted?
0%
3 12 Widowmaker
0%
11 13 Widow's Pique
0%
4 15 Wife Insurance
0%
14 10 Wild Women Do
0%
17 15 You Are Here
0%
6 12 You Debt Your Life
0%
13 6 (You Gotta) Strike for Your Right
0%
No matching quizzes found
Score Distribution
Percent of People with Each Score
Percentile by Number Answered
Your Score History
You have not taken this quiz since the last reset